| 000 | 01063cam a2200289 i 4500 | ||
|---|---|---|---|
| 001 | 15298979 | ||
| 003 | EG-ScBUE | ||
| 005 | 20240602094504.0 | ||
| 008 | 080521s2008 enkab f b 001 0 eng d | ||
| 020 | _a9780521615389 | ||
| 035 | _a(OCoLC)ocn166357536 | ||
| 040 |
_aUKM _beng _erda _cUKM _dBTCTA _dYDXCP _dBAKER _dBWKUK _dSUC _dOCLCG _dIXA _dDLC _dEG-ScBUE |
||
| 043 | _aa-is--- | ||
| 082 | 0 | 4 |
_a956.94 _222 _bSHI |
| 100 | 1 |
_aShindler, Colin, _d1946- _eauthor. |
|
| 245 | 1 | 2 |
_aA history of modern Israel / _cColin Shindler. |
| 264 | 1 |
_aCambridge : _bCambridge University Press, _c2008. |
|
| 300 |
_axxviii, 371 pages : _billustrations, maps ; _c23 cm |
||
| 336 |
_2rdacontent _atext _btxt |
||
| 337 |
_aunmediated _2rdamedia _bn |
||
| 338 |
_avolume _bnc _2rdacarrier |
||
| 504 | _aIncludes bibliographical references and index. | ||
| 651 | 7 |
_aIsrael _xHistory. _2BUEsh |
|
| 655 | _vReading book | ||
| 942 |
_2ddc _cBB |
||
| 999 |
_c10874 _d10874 |
||